[Event "Reykjavik Open 2024"]
[Site "Reykjavik ISL"]
[Date "2024.03.17"]
[Round "4.182"]
[White "Joel Paul Ganta"]
[Black "Jonsson, Tristan Fannar"]
[Result "1-0"]
[WhiteTitle "CM"]
[WhiteElo "1993"]
[BlackElo "1540"]
[WhiteFideId "35066145"]
[BlackFideId "2321947"]
[EventDate "2024.03.15"]

1. e4 e5 2. Nf3 Nc6 3. Bb5 a6 4. Ba4 d6 5. O-O Bg4 6. h3 h5 7. Bxc6+ bxc6 8. d3
Qf6 9. Re1 Bxf3 10. Qxf3 Qxf3 11. gxf3 f6 12. f4 Ne7 13. Kg2 g6 14. fxe5 dxe5
15. f4 Bh6 16. fxe5 Bxc1 17. Rxc1 fxe5 18. Nd2 Kd7 19. Rf1 Rhf8 20. Nf3 Kd6 21.
Ng5 Rae8 22. Nh7 Rxf1 23. Rxf1 a5 24. Rf6+ Kd7 25. Nf8+ Kd8 26. Ne6+ Kc8 27. Nc5
Kd8 28. Re6 h4 29. Rxe5 Ng8 30. Nb7+ Kd7 31. Rxe8 Kxe8 32. Nxa5 Ne7 33. Nc4 Kd8
34. Kf3 Kc8 35. Kg4 Kd8 36. Kxh4 Kc8 37. Kg5 Kd8 38. Ne5 c5 39. h4 Ke8 40. Kf6
Kf8 41. Nxg6+ Nxg6 42. Kxg6 Kg8 43. a4 Kf8 44. a5 Ke7 45. a6 Ke6 46. a7 Kd7 47.
a8=Q c6 48. Kf6 c4 49. Qb7+ Kd8 50. Ke6 cxd3 51. Qd7# 1-0

[Event "Reykjavik Open 2024"]
[Site "Reykjavik ISL"]
[Date "2024.03.17"]
[Round "4.183"]
[White "Manukonda, Arun"]
[Black "B. Berglindardottir, Emilia Embla"]
[Result "1-0"]
[WhiteElo "1974"]
[BlackElo "1519"]
[WhiteFideId "5080789"]
[BlackFideId "2318946"]
[EventDate "2024.03.15"]

1. d4 d6 2. e4 Nf6 3. Nc3 g6 4. Nf3 Bg7 5. Be2 O-O 6. h3 Nc6 7. Be3 e5 8. O-O
exd4 9. Nxd4 Nxd4 10. Bxd4 c5 11. Be3 Qb6 12. Rb1 Rd8 13. b4 Be6 14. Nd5 Nxd5
15. exd5 Bf5 16. bxc5 Qa5 17. Rxb7 Qxa2 18. c6 Qxc2 19. Qxc2 Bxc2 20. Rxa7 Be4
21. c7 Rdc8 22. Ba6 Bxd5 23. Rxa8 Rxa8 24. c8=Q+ Rxc8 25. Bxc8 Bc4 26. Rd1 Bf8
27. Bb7 Bb3 28. Rd3 Bc4 29. Ra3 Kg7 30. Bd4+ f6 31. Ra7 Kh6 32. Bxf6 d5 33. g4
d4 34. Bxd4 Kg5 35. Ra4 Bb3 36. Ra5+ Kh6 37. Kg2 Bd6 38. Be4 Bd1 39. f3 Be2 40.
h4 Bf4 41. Ra7 Bxf3+ 42. Kxf3 Be5 43. Bxe5 g5 44. Rxh7# 1-0

[Event "Reykjavik Open 2024"]
[Site "Reykjavik ISL"]
[Date "2024.03.18"]
[Round "5.1"]
[White "Moussard, Jules"]
[Black "Stefansson, Vignir Vatnar"]
[Result "1-0"]
[WhiteTitle "GM"]
[BlackTitle "GM"]
[WhiteElo "2621"]
[BlackElo "2464"]
[WhiteFideId "642908"]
[BlackFideId "2308649"]
[EventDate "2024.03.15"]

1. c4 e6 2. Nc3 d5 3. d4 Nf6 4. cxd5 exd5 5. Bg5 Bb4 6. e3 h6 7. Bh4 g5 8. Bg3
Ne4 9. a3 Bxc3+ 10. bxc3 c5 11. f3 Nxg3 12. hxg3 Qa5 13. Qd2 Bf5 14. Bd3 Be6 15.
Ne2 Nc6 16. g4 O-O-O 17. Kf2 cxd4 18. exd4 Kb8 19. Rh2 Ne7 20. a4 Rc8 21. Qb2 f5
22. Rah1 fxg4 23. Rxh6 Rxh6 24. Rxh6 Bf5 25. Bxf5 Nxf5 26. Rh7 Nd6 27. Rd7 gxf3
28. gxf3 Qa6 29. Qb4 Rc6 30. Rd8+ Kc7 31. Rg8 Rc4 32. Qb1 Qxa4 33. Rxg5 Kc6 34.
Qg6 Qa5 35. Qe6 a6 36. Kg3 Qc7 37. Rxd5 b5 38. Kf2 a5 39. Ng3 Qd7 40. Qxd7+ Kxd7
41. Ne4 Rc6 42. Ke2 Ke6 43. Rxd6+ Rxd6 44. Nxd6 Kxd6 45. f4 a4 46. Kd3 Kd5 47.
f5 Kd6 48. Kc2 Kd5 49. Kb2 Kc6 50. f6 Kd6 51. d5 1-0

[Event "Reykjavik Open 2024"]
[Site "Reykjavik ISL"]
[Date "2024.03.18"]
[Round "5.2"]
[White "Steingrimsson, Hedinn"]
[Black "Seemann, Jakub"]
[Result "1/2-1/2"]
[WhiteTitle "GM"]
[BlackTitle "IM"]
[WhiteElo "2477"]
[BlackElo "2451"]
[WhiteFideId "2300117"]
[BlackFideId "21874697"]
[EventDate "2024.03.15"]

1. d4 Nf6 2. c4 e6 3. Nc3 Bb4 4. Qc2 O-O 5. a3 Bxc3+ 6. Qxc3 d5 7. Nf3 dxc4 8.
Qxc4 b6 9. Bg5 Ba6 10. Qa4 h6 11. Bh4 c5 12. dxc5 bxc5 13. Rc1 Qb6 14. Bxf6 gxf6
15. Rc2 c4 16. e3 Bb5 17. Qb4 Rc8 18. Be2 Na6 19. Qc3 Ba4 20. Rc1 Rab8 21. O-O
Qxb2 22. Qxb2 Rxb2 1/2-1/2

[Event "Reykjavik Open 2024"]
[Site "Reykjavik ISL"]
[Date "2024.03.18"]
[Round "5.3"]
[White "Pultinevicius, Paulius"]
[Black "Wadsworth, Matthew J"]
[Result "1/2-1/2"]
[WhiteTitle "GM"]
[BlackTitle "IM"]
[WhiteElo "2575"]
[BlackElo "2450"]
[WhiteFideId "12809390"]
[BlackFideId "415804"]
[EventDate "2024.03.15"]

1. Nf3 d5 2. g3 g6 3. Bg2 Bg7 4. d4 Nf6 5. O-O O-O 6. c4 c6 7. b3 dxc4 8. bxc4
c5 9. Bb2 cxd4 10. Nxd4 Qb6 11. Qb3 Nfd7 12. e3 Nc5 13. Qa3 e5 14. Nb3 Nd3 15.
Bc3 Be6 16. N1d2 Nc6 17. Rab1 Rfd8 18. Na5 Qa6 19. Rxb7 e4 20. Bxg7 Qxa5 21. Qc3
Nc5 22. Rb5 Qxc3 23. Bxc3 Na4 24. Ba5 Nxa5 25. Rxa5 Rxd2 26. Rxa4 f5 27. f3 Rb8
28. fxe4 Rbb2 29. Bf3 fxe4 30. Bxe4 Bh3 31. Bd5+ Kh8 32. Rc1 Bg2 33. Rxa7 Bxd5
34. cxd5 Rg2+ 1/2-1/2

[Event "Reykjavik Open 2024"]
[Site "Reykjavik ISL"]
[Date "2024.03.18"]
[Round "5.4"]
[White "Balakrishnan, Praveen"]
[Black "Sanal, Vahap"]
[Result "1/2-1/2"]
[WhiteTitle "GM"]
[BlackTitle "GM"]
[WhiteElo "2490"]
[BlackElo "2558"]
[WhiteFideId "2064871"]
[BlackFideId "6300545"]
[EventDate "2024.03.15"]

1. d4 Nf6 2. Bf4 b6 3. e3 Bb7 4. h3 g6 5. Nf3 Bg7 6. c4 O-O 7. Nc3 d6 8. Be2
Nbd7 9. O-O Ne4 10. Nxe4 Bxe4 11. Bh2 c5 12. Qd2 a6 13. a4 Rc8 14. d5 Bxf3 15.
Bxf3 b5 16. axb5 axb5 17. cxb5 c4 18. Ra7 Nc5 19. Be2 Qb6 20. Qa5 Qxa5 21. Rxa5
Nb3 22. Ra2 Bf6 23. Rd1 Rc5 24. Ra4 Rxb5 25. Rxc4 Rb7 26. Rc2 Nc5 27. Rb1 Rb4
28. f3 Rb3 29. Bc4 Rb4 30. Bg3 Rfb8 31. Be1 Rxb2 32. Rcxb2 Rxb2 33. Rxb2 Bxb2
34. g4 f5 35. Bb4 Nd7 36. Kf2 Bc1 37. Bc3 f4 38. e4 Be3+ 39. Ke2 Kf7 40. Bb5 Ne5
41. h4 h6 42. h5 gxh5 43. gxh5 Kf8 44. Bxe5 dxe5 45. Bd7 Kf7 46. Kd3 Bc5 47. Kc4
Bd6 48. Kb5 Kf8 49. Kc6 Bb8 50. Bf5 Bd6 51. Kd7 Bb8 52. Ke6 Bd6 53. Bg4 Kg7 54.
Kd7 Kf8 55. Ke6 Kg7 56. Kd7 Kf8 1/2-1/2

[Event "Reykjavik Open 2024"]
[Site "Reykjavik ISL"]
[Date "2024.03.18"]
[Round "5.7"]
[White "Kjartansson, Gudmundur"]
[Black "Can, Emre"]
[Result "1/2-1/2"]
[WhiteTitle "GM"]
[BlackTitle "GM"]
[WhiteElo "2465"]
[BlackElo "2551"]
[WhiteFideId "2301318"]
[BlackFideId "6302181"]
[EventDate "2024.03.15"]

1. e4 c5 2. Nf3 d6 3. Bb5+ Nd7 4. d4 cxd4 5. Qxd4 a6 6. Be2 Ngf6 7. O-O e5 8.
Qe3 Nc5 9. Nc3 Be7 10. Nd2 b5 11. b4 Ne6 12. a4 bxa4 13. Nxa4 d5 14. exd5 Nxd5
15. Qe4 Rb8 16. c3 O-O 17. Nc4 Bb7 18. Qxe5 Bf6 19. Qg3 Bh4 20. Qe5 Bf6 21. Qg3
Bh4 22. Qe5 Bf6 1/2-1/2

[Event "Reykjavik Open 2024"]
[Site "Reykjavik ISL"]
[Date "2024.03.18"]
[Round "5.8"]
[White "Nevednichy, Vladislav"]
[Black "Adhiban, Baskaran"]
[Result "1/2-1/2"]
[WhiteTitle "GM"]
[BlackTitle "GM"]
[WhiteElo "2445"]
[BlackElo "2541"]
[WhiteFideId "1205730"]
[BlackFideId "5018471"]
[EventDate "2024.03.15"]

1. e4 c5 2. Nf3 d6 3. Bb5+ Nd7 4. O-O Nf6 5. Re1 a6 6. Bf1 b6 7. d4 cxd4 8. Nxd4
Bb7 9. c4 e6 10. Nc3 Be7 11. f3 O-O 12. Be3 Rc8 13. Qd2 Qc7 14. Rac1 Qb8 15. Kh1
Rfe8 16. Bg1 Bd8 17. b4 h5 18. Nb3 h4 19. Red1 h3 20. Qxd6 hxg2+ 21. Kxg2 Bc7
22. Qd2 Bf4 23. Qf2 Bxc1 24. Rxc1 Red8 25. Qg3 e5 26. Be3 Qd6 27. c5 bxc5 28.
bxc5 Qe6 29. Kh1 Nh5 30. Qh4 Nf4 31. Bxf4 exf4 32. Bh3 Qe5 33. Qf2 Rxc5 34. Nxc5
Nxc5 35. Bf1 Ne6 36. Bc4 Rc8 37. Bxe6 Rxc3 38. Rxc3 Qxc3 39. Bb3 Bc8 40. Kg2 g5
41. h4 gxh4 42. Qxh4 Qd2+ 43. Kg1 Qc1+ 44. Kg2 Qd2+ 45. Kg1 Qc1+ 1/2-1/2

[Event "Reykjavik Open 2024"]
[Site "Reykjavik ISL"]
[Date "2024.03.18"]
[Round "5.9"]
[White "Thorfinnsson, Bjorn"]
[Black "Xu, Xiangyu"]
[Result "0-1"]
[WhiteTitle "IM"]
[BlackTitle "GM"]
[WhiteElo "2353"]
[BlackElo "2623"]
[WhiteFideId "2300982"]
[BlackFideId "8608288"]
[EventDate "2024.03.15"]

1. d4 Nf6 2. Nf3 d5 3. c3 Bf5 4. h3 e6 5. Nh4 Be4 6. Nd2 h6 7. Nxe4 dxe4 8. g3
c5 9. Ng2 cxd4 10. Qxd4 Qxd4 11. cxd4 Nc6 12. e3 Rc8 13. Bd2 a6 14. Rc1 Bd6 15.
b4 Ke7 16. Rb1 b5 17. a4 Rb8 18. axb5 axb5 19. Nf4 e5 20. Ne2 exd4 21. Nxd4 Nxd4
22. exd4 Rhc8 23. Bg2 Rc2 24. Ke2 Rbc8 25. Rhc1 Rxc1 26. Bxc1 Rc4 27. Bd2 Rxd4
28. Bc3 Rc4 29. Bxf6+ gxf6 30. Ke3 f5 31. Bf1 Rc2 32. g4 Kf6 33. Bxb5 Rc3+ 34.
Kd2 Rxh3 35. gxf5 Bf4+ 36. Ke2 Rc3 37. Ba4 Bc7 38. Rb2 Kxf5 39. Rc2 Rxc2+ 40.
Bxc2 Kf4 41. Bd1 h5 42. Kf1 h4 43. Kg2 Bb6 44. f3 e3 45. Kh3 Bd8 46. b5 Ke5 47.
f4+ Kd4 48. f5 Kd3 49. f6 e2 50. Bxe2+ Kxe2 51. Kxh4 Kf3 0-1

[Event "Reykjavik Open 2024"]
[Site "Reykjavik ISL"]
[Date "2024.03.18"]
[Round "5.10"]
[White "Lu, Maximillian"]
[Black "Deac, Bogdan-Daniel"]
[Result "0-1"]
[WhiteTitle "IM"]
[BlackTitle "GM"]
[WhiteElo "2375"]
[BlackElo "2690"]
[WhiteFideId "2096242"]
[BlackFideId "1226380"]
[EventDate "2024.03.15"]

1. d4 Nf6 2. Bf4 d5 3. e3 c5 4. c3 Nc6 5. Nd2 Bf5 6. a4 a6 7. Ngf3 e6 8. Be2 Rc8
9. O-O cxd4 10. exd4 Nd7 11. b4 Ne7 12. Qb3 Ng6 13. Be3 Be7 14. h3 O-O 15. Rac1
Nf6 16. Ne5 h5 17. g4 hxg4 18. hxg4 Nxe5 19. gxf5 Neg4 20. Bf4 Bd6 21. Bg5 exf5
22. Qb1 Qd7 23. f3 Nh7 24. fxg4 Nxg5 25. Qxf5 Qe7 26. Qd3 Rfe8 27. Rfe1 Qe3+ 28.
Kg2 Nh3 29. Qxe3 Rxe3 30. Bf3 Nf4+ 31. Kf1 Rd3 32. Red1 Rcxc3 33. Rxc3 Rxc3 34.
b5 Rd3 35. bxa6 bxa6 36. Kf2 Rxd4 37. Nf1 Rxa4 38. Bxd5 Nxd5 39. Rxd5 Bf4 40.
Kf3 f6 41. Nd2 Bxd2 42. Rxd2 Kf7 43. Rd7+ Kg6 44. Rb7 a5 45. Ra7 Ra1 46. Kg3 a4
47. Kg2 a3 48. Ra5 a2 49. Kh2 Kh7 50. Ra7 Kg8 51. Kg2 g6 52. Ra8+ Kf7 53. Ra7+
Ke6 54. Ra5 Kd6 55. Kh2 Kc6 56. Ra6+ Kb5 57. Ra8 Kc4 58. Kg2 Kb3 59. Rb8+ Kc3
60. Ra8 Rd1 0-1

[Event "Reykjavik Open 2024"]
[Site "Reykjavik ISL"]
[Date "2024.03.18"]
[Round "5.11"]
[White "Ivanchuk, Vasyl"]
[Black "Lu, Miaoyi"]
[Result "1/2-1/2"]
[WhiteTitle "GM"]
[BlackTitle "WGM"]
[WhiteElo "2625"]
[BlackElo "2392"]
[WhiteFideId "14100010"]
[BlackFideId "8618020"]
[EventDate "2024.03.15"]

1. e4 c5 2. Nf3 e6 3. d4 cxd4 4. Nxd4 Nf6 5. Nc3 Nc6 6. Ndb5 Bb4 7. a3 Bxc3+ 8.
Nxc3 d5 9. exd5 exd5 10. Bd3 O-O 11. O-O Bg4 12. Ne2 Re8 13. Bg5 Nd4 14. f3
Nxe2+ 15. Bxe2 Bf5 16. Kh1 Qb6 17. Bd3 Bxd3 18. Qxd3 Qxb2 19. Rab1 Qe5 20. Bxf6
Qxf6 21. Rxb7 Qc6 22. Rb5 1/2-1/2

[Event "Reykjavik Open 2024"]
[Site "Reykjavik ISL"]
[Date "2024.03.18"]
[Round "5.12"]
[White "Maze, Sebastien"]
[Black "Thorhallsson, Throstur"]
[Result "1-0"]
[WhiteTitle "GM"]
[BlackTitle "GM"]
[WhiteElo "2551"]
[BlackElo "2388"]
[WhiteFideId "613762"]
[BlackFideId "2300109"]
[EventDate "2024.03.15"]

1. e4 c5 2. Nf3 d6 3. Bb5+ Nd7 4. a4 Nf6 5. Nc3 e6 6. d4 cxd4 7. Qxd4 Be7 8. a5
a6 9. Be2 O-O 10. O-O h6 11. Rd1 Qc7 12. h3 Ne5 13. Nxe5 dxe5 14. Qe3 Bd7 15.
Qg3 Kh7 16. Be3 Bc5 17. Bxc5 Qxc5 18. Qd3 Bc6 19. Qd6 Qxd6 20. Rxd6 Rfd8 21.
Rad1 Rxd6 22. Rxd6 Kg8 23. f3 Kf8 24. Kf2 Ke7 25. Rd2 Rc8 26. Ke3 Ne8 27. Nb1
Nd6 28. b3 f5 29. Bd3 g5 30. c4 Rf8 31. Nc3 h5 32. b4 g4 33. hxg4 hxg4 34. c5
Nb5 35. Bxb5 f4+ 36. Ke2 gxf3+ 37. gxf3 axb5 38. Rd6 Rc8 39. Nd1 Rg8 40. Nf2 Rg1
41. a6 Ra1 42. axb7 Bxb7 43. Ng4 Ra2+ 44. Rd2 Ra4 45. Nxe5 Bc8 46. c6 Ra7 47.
Ng6+ Kf6 48. Nxf4 Rc7 49. Rc2 Ke5 50. Nd3+ Kd4 51. Nc1 Ra7 52. Nb3+ Ke5 53. Na5
Rh7 54. Rd2 Rh2+ 55. Ke3 1-0

[Event "Reykjavik Open 2024"]
[Site "Reykjavik ISL"]
[Date "2024.03.18"]
[Round "5.13"]
[White "Jacobsen, Mikkel Manosri"]
[Black "Yilmazyerli, Mert"]
[Result "0-1"]
[WhiteTitle "FM"]
[BlackTitle "GM"]
[WhiteElo "2367"]
[BlackElo "2526"]
[WhiteFideId "1444514"]
[BlackFideId "6305962"]
[EventDate "2024.03.15"]

1. c4 Nf6 2. g3 e6 3. Bg2 d5 4. Nf3 dxc4 5. Qa4+ Nbd7 6. Qxc4 a6 7. Qc2 c5 8.
Nc3 Qc7 9. d4 b5 10. Bf4 Qb6 11. Ne5 Bb7 12. Nxd7 Nxd7 13. d5 Nf6 14. e4 exd5
15. e5 d4 16. O-O-O Bxg2 17. exf6 O-O-O 18. Qf5+ Qe6 19. fxg7 Qxf5 20. gxh8=Q
Bh6 21. Qxd8+ Kxd8 22. Rhe1 Bxf4+ 23. gxf4 Qxf4+ 24. Rd2 Kc7 25. Ne2 Qxf2 26.
Red1 Qe3 27. Kb1 Bf3 28. Nc3 dxc3 0-1

[Event "Reykjavik Open 2024"]
[Site "Reykjavik ISL"]
[Date "2024.03.18"]
[Round "5.14"]
[White "Gokerkan, Cem Kaan"]
[Black "Heimisson, Hilmir Freyr"]
[Result "0-1"]
[WhiteTitle "GM"]
[BlackTitle "IM"]
[WhiteElo "2523"]
[BlackElo "2355"]
[WhiteFideId "6336760"]
[BlackFideId "2309998"]
[EventDate "2024.03.15"]

1. e4 e5 2. Nf3 Nc6 3. Bb5 Nf6 4. d3 Bc5 5. Nbd2 O-O 6. Bxc6 bxc6 7. Nxe5 Re8 8.
Ng4 Nxg4 9. Qxg4 d5 10. Qh5 dxe4 11. Qxc5 exd3+ 12. Kd1 dxc2+ 13. Kxc2 Qf6 14.
a4 Rb8 15. Ra3 Qg6+ 16. Kc3 Qxg2 17. Rd1 Bg4 18. f3 Qe2 19. Rg1 Re5 20. Qxa7
Re3+ 21. Kd4 Rd8+ 22. Kc5 Rxa3 23. Qxc7 Qe3+ 24. Kb4 Rd4+ 25. Nc4 Qb3+ 0-1

[Event "Reykjavik Open 2024"]
[Site "Reykjavik ISL"]
[Date "2024.03.18"]
[Round "5.15"]
[White "Suleymenov, Alisher"]
[Black "Lohia, Sohum"]
[Result "1-0"]
[WhiteTitle "GM"]
[BlackTitle "FM"]
[WhiteElo "2506"]
[BlackElo "2354"]
[WhiteFideId "13707833"]
[BlackFideId "5819369"]
[EventDate "2024.03.15"]

1. d4 Nf6 2. c4 e6 3. Nf3 d5 4. g3 Be7 5. Bg2 O-O 6. O-O dxc4 7. Qa4 b6 8. Ne5
Qxd4 9. Bxa8 Qxe5 10. Bf3 Nd5 11. Nc3 Nxc3 12. bxc3 Qxc3 13. Qxa7 Qxa1 14. Bg5
Qxf1+ 15. Kxf1 Bxg5 16. Qxb8 e5 17. Qxc7 Bh3+ 18. Bg2 Rc8 19. Qb7 Bxg2+ 20. Kxg2
Rf8 21. Qxb6 Bd2 22. Qc6 c3 23. a4 g6 24. a5 c2 25. Qxc2 Bxa5 26. Qc5 Bd2 27.
Qxe5 h5 28. f4 Bb4 29. f5 Kh7 30. Qf6 Ba3 31. h4 gxf5 32. Qxf5+ Kh6 33. Qd3 Bc1
34. Qc3 1-0

[Event "Reykjavik Open 2024"]
[Site "Reykjavik ISL"]
[Date "2024.03.18"]
[Round "5.16"]
[White "Bisby, Daniel L"]
[Black "Hjartarson, Johann"]
[Result "0-1"]
[WhiteTitle "FM"]
[BlackTitle "GM"]
[WhiteElo "2273"]
[BlackElo "2460"]
[WhiteFideId "404586"]
[BlackFideId "2300044"]
[EventDate "2024.03.15"]

1. e4 e5 2. Nf3 Nc6 3. Bc4 Bc5 4. c3 Nf6 5. d4 exd4 6. b4 Be7 7. b5 Na5 8. Bd3
d5 9. e5 Ne4 10. cxd4 Bb4+ 11. Nbd2 Bf5 12. Qe2 Qd7 13. O-O Nc3 14. Qe3 Bxd3 15.
Qxd3 Qxb5 16. Qxb5+ Nxb5 17. Rb1 Nc6 18. a3 Bxd2 19. Bxd2 Nxa3 20. Rxb7 O-O-O
21. Rb3 Nc4 22. Bg5 Rde8 23. Rb5 h6 24. Be3 Rd8 25. Ra1 Rhe8 26. Rc5 Re6 27. Ne1
f6 28. Nd3 fxe5 29. dxe5 g5 30. h4 d4 31. Bc1 N4xe5 32. Nxe5 Nxe5 33. Rxa7 c6
34. Rca5 Nd3 35. Ba3 Re1+ 36. Kh2 Nxf2 37. Rf7 Rh1+ 38. Kg3 Ne4+ 39. Kg4 Rxh4+
40. Kf3 Rd7 41. Rf8+ Kb7 42. Rfa8 Rf4+ 43. Ke2 Nc3+ 44. Kd3 Nb5 45. Bb4 Rg4 46.
Rh8 Rg3+ 47. Ke2 Rxg2+ 48. Kf3 Rb2 49. Bc5 Rc2 50. Bb4 Rf7+ 51. Ke4 Re2+ 52. Kd3
Re3+ 53. Kc4 d3 54. Bd2 Re4+ 55. Kb3 Re2 0-1

[Event "Reykjavik Open 2024"]
[Site "Reykjavik ISL"]
[Date "2024.03.18"]
[Round "5.17"]
[White "Larkin, Vladyslav"]
[Black "Kistrup, Nicolai"]
[Result "1-0"]
[WhiteTitle "IM"]
[BlackTitle "FM"]
[WhiteElo "2450"]
[BlackElo "2324"]
[WhiteFideId "14152894"]
[BlackFideId "1444816"]
[EventDate "2024.03.15"]

1. e4 c5 2. Nf3 d6 3. d4 cxd4 4. Nxd4 Nf6 5. Nc3 a6 6. Be3 e5 7. Nb3 Be6 8. f3
h5 9. Nd5 Bxd5 10. exd5 Nbd7 11. Qd2 g6 12. O-O-O Nb6 13. Kb1 Nbxd5 14. Bg5 Be7
15. a3 Qc7 16. g3 O-O-O 17. Qf2 Kb8 18. Rd3 Nd7 19. Bd2 N5b6 20. Ba5 Qc6 21. Rc3
Nc5 22. Nxc5 dxc5 23. Rb3 Rd1+ 24. Ka2 Nd7 25. Bb5 axb5 26. Rxd1 c4 27. Re3 Bc5
28. Bb4 Bxe3 29. Qxe3 Ka8 30. Rd6 Qc8 31. Qd2 Nb8 32. Qd5 Nc6 33. Qxb5 Nxb4+ 34.
Qxb4 Qf5 35. Rd5 Qe6 36. Qa5+ Kb8 37. Rxe5 Qf6 38. f4 Rc8 39. Rc5 Qe6 40. Rxc8+
Kxc8 41. Qc5+ Kd7 42. c3 b6 43. Qd4+ Kc6 44. a4 Kb7 45. Ka3 Qe7+ 46. Ka2 Qe6 47.
Qe5 Qc6 48. Ka3 Ka6 49. Kb4 Qg2 50. Qb5+ Kb7 51. Kxc4 Qxh2 52. Qd7+ Ka6 53. Qxf7
Qxb2 54. Qxg6 Qa2+ 55. Kd4 Qxa4+ 56. Ke3 Qa5 57. Qd3+ Ka7 58. Qd7+ Ka6 59. Qc8+
Ka7 60. Qc7+ Ka6 61. Qe5 Qa1 62. f5 Qc1+ 63. Ke4 h4 64. gxh4 Qe1+ 65. Kd5 Qxh4
66. f6 Qh1+ 67. Kd6 Qh7 68. Qe2+ b5 69. Qe6 Qh2+ 70. Ke7+ Ka5 71. f7 Qc7+ 72.
Kf6 Qxc3+ 73. Kg6 Qg3+ 74. Kh7 Qh4+ 75. Kg7 Qg3+ 76. Qg6 Qc3+ 77. Kg8 Qc4 78.
Qf5 Qb3 79. Kh7 Qa2 80. f8=Q Qh2+ 81. Qh6 Qc7+ 82. Kg8 Qg3+ 83. Qhg5 Qb8+ 84.
Qf8 1-0

[Event "Reykjavik Open 2024"]
[Site "Reykjavik ISL"]
[Date "2024.03.18"]
[Round "5.18"]
[White "Large, Peter G"]
[Black "Chasin, Nico"]
[Result "1/2-1/2"]
[WhiteTitle "IM"]
[BlackTitle "IM"]
[WhiteElo "2262"]
[BlackElo "2447"]
[WhiteFideId "400866"]
[BlackFideId "30908477"]
[EventDate "2024.03.15"]

1. c4 e5 2. Nc3 Nf6 3. Nf3 Nc6 4. e3 Bb4 5. Qc2 Bxc3 6. Qxc3 Qe7 7. d3 d5 8. Be2
O-O 9. O-O d4 10. exd4 exd4 11. Qb3 Nd7 12. Re1 Nc5 13. Qa3 a5 14. Bf4 b6 15.
Bf1 Qd8 16. Bd2 Bb7 17. Ne5 Ne7 18. h3 f6 19. Ng4 Ng6 20. Rad1 Qd6 21. b3 Nh4
22. Nh2 f5 23. Bg5 Ng6 24. Bc1 f4 25. Qb2 Nh4 26. Re4 Nxe4 27. dxe4 Bxe4 28. f3
Bc6 29. Rxd4 Qc5 30. Qf2 g5 31. Bd3 Nf5 32. Bxf5 Qxf5 33. Ng4 Qe6 34. Rd1 h5 35.
Re1 Qd6 36. Ne5 Rae8 37. Bb2 Rf5 38. Qc2 Rexe5 39. Bxe5 Rxe5 40. Rxe5 Qxe5 41.
Qg6+ Kf8 42. Qxc6 Qe1+ 1/2-1/2

[Event "Reykjavik Open 2024"]
[Site "Reykjavik ISL"]
[Date "2024.03.18"]
[Round "5.20"]
[White "Harish, Neeraj"]
[Black "Garifullina, Leya"]
[Result "1-0"]
[WhiteTitle "CM"]
[BlackTitle "IM"]
[WhiteElo "2090"]
[BlackElo "2413"]
[WhiteFideId "30958130"]
[BlackFideId "34127035"]
[EventDate "2024.03.15"]

1. e4 c5 2. Nc3 Nc6 3. Bb5 Nd4 4. Nf3 e6 5. O-O a6 6. Bd3 Nc6 7. e5 d5 8. exd6
Bxd6 9. Re1 Nf6 10. Ne4 Be7 11. Nxf6+ Bxf6 12. Be4 Qc7 13. c3 Bd7 14. d3 O-O-O
15. Be3 Ne7 16. Qb3 Bb5 17. Rad1 Nf5 18. Bc1 Nd6 19. Bf4 Qa5 20. Ne5 Qa4 21.
Nxf7 Nxf7 22. Qxe6+ Rd7 23. Qb6 Rhd8 24. b3 Qa3 25. Bf5 1-0

[Event "Reykjavik Open 2024"]
[Site "Reykjavik ISL"]
[Date "2024.03.18"]
[Round "5.21"]
[White "Karamsetty, Jeevan"]
[Black "Injac, Teodora"]
[Result "1/2-1/2"]
[WhiteTitle "FM"]
[BlackTitle "IM"]
[WhiteElo "2187"]
[BlackElo "2434"]
[WhiteFideId "2025337"]
[BlackFideId "932400"]
[EventDate "2024.03.15"]

1. e4 c5 2. Nf3 d6 3. Bc4 Nf6 4. d3 Nc6 5. O-O g6 6. Bb3 Bg7 7. c3 O-O 8. h3 h6
9. Nh2 d5 10. exd5 Nxd5 11. Qf3 Be6 12. Re1 Nc7 13. Ng4 Bxb3 14. axb3 Kh7 15.
Bf4 Nd5 16. Bh2 f6 17. Ne3 Nxe3 18. Qxe3 e5 19. Qxc5 Qxd3 20. Na3 Rfd8 21. Nc4
Rac8 22. Qa3 Rd5 23. Qa2 f5 24. Re3 Qd1+ 25. Re1 Qd3 26. Re3 Qc2 27. Ree1 f4 28.
Rac1 Qd3 29. b4 Rcd8 30. Na3 b5 31. Qb1 Qxb1 32. Nxb1 Bf8 33. Kf1 g5 34. f3 a5
35. bxa5 Nxa5 36. Bg1 Kg6 37. Bb6 Ra8 38. Bxa5 Rxa5 39. Rcd1 Rxd1 40. Rxd1 Ra2
41. b4 Rc2 42. Re1 Kf5 43. Re2 Rc1+ 44. Re1 Rc2 45. Re2 1/2-1/2

[Event "Reykjavik Open 2024"]
[Site "Reykjavik ISL"]
[Date "2024.03.18"]
[Round "5.22"]
[White "Sushanth, Kamabathula"]
[Black "Fantinel, Thibault"]
[Result "1-0"]
[BlackTitle "IM"]
[WhiteElo "1918"]
[BlackElo "2421"]
[WhiteFideId "25712667"]
[BlackFideId "663395"]
[EventDate "2024.03.15"]

1. e4 c5 2. Nf3 Nc6 3. d4 cxd4 4. Nxd4 e5 5. Nb5 d6 6. N1c3 a6 7. Na3 Be6 8. Nc4
Rb8 9. Nd5 Bxd5 10. exd5 Nce7 11. a4 Nf6 12. g4 h6 13. h4 Rc8 14. Bd2 Nfxd5 15.
Rh3 Nc6 16. Bg2 Nf4 17. Bxf4 exf4 18. Rb3 Be7 19. Rxb7 O-O 20. Qd5 Qe8 21. Kf1
Nd8 22. Rb6 Ne6 23. a5 Rc5 24. Qd3 Qc8 25. Bb7 Qc7 26. Bd5 Rc8 27. Rb7 Qd8 28.
b4 R5c7 29. Nb6 Bf6 30. Ra2 Rxb7 31. Bxb7 Rc3 32. Qxa6 Nc7 33. Qe2 Bd4 34. Nd5
f3 35. Qe7 Qb8 36. Nxc3 Qxb7 37. Qd8+ Kh7 38. Qxd6 Nb5 39. Qd5 Qc7 40. Nxb5 Qh2
41. Qxf3 1-0

[Event "Reykjavik Open 2024"]
[Site "Reykjavik ISL"]
[Date "2024.03.18"]
[Round "5.24"]
[White "Jin, Yueheng"]
[Black "Mannion, Stephen R"]
[Result "1-0"]
[BlackTitle "IM"]
[WhiteElo "2404"]
[BlackElo "2166"]
[WhiteFideId "8616868"]
[BlackFideId "2400111"]
[EventDate "2024.03.15"]

1. d4 Nf6 2. c4 c5 3. d5 b5 4. cxb5 a6 5. e3 e6 6. Nc3 exd5 7. Nxd5 Bb7 8. Nxf6+
Qxf6 9. Nf3 Be7 10. Bc4 O-O 11. Bd5 Bxd5 12. Qxd5 Ra7 13. Qc4 axb5 14. Qxb5 Nc6
15. O-O Qe6 16. Rd1 Rb8 17. Qe2 Bf6 18. Qc2 d6 19. a3 Na5 20. Rb1 Nb3 21. Bd2
Nxd2 22. Nxd2 Rab7 23. b3 Be7 24. e4 Bf6 25. Nc4 Bd4 26. h3 h6 27. Rd3 Ra7 28.
Rf3 d5 29. exd5 Qxd5 30. Re1 Rab7 31. Na5 Rd7 32. Nc4 Rdb7 33. a4 g6 34. a5 Kg7
35. Nb6 Qd6 36. Rd3 Rxb6 37. axb6 Rxb6 38. Rf3 Rb7 39. Qe4 Ra7 40. Qe8 Rb7 41.
Re2 Ra7 42. g3 Bf6 43. Kg2 Ra1 44. Re1 Ra2 45. Qe4 Rb2 46. Re2 Rxe2 47. Qxe2 Qd5
48. Kh2 Bd4 49. Rd3 Qb7 50. Qf3 Qb5 51. Kg2 h5 52. h4 Qa6 53. Rd2 Bf6 54. Rd7
Qe6 55. Qd5 Qe8 56. Rc7 Bd4 57. b4 1-0